| 000 | 005210000a22001810004500 | ||
|---|---|---|---|
| 003 | MACL | ||
| 005 | 20160401152145.0 | ||
| 008 | 160401b xxu||||| |||| 00| 0 eng d | ||
| 040 |
_aMACL _cMACL |
||
| 041 | _aHindi | ||
| 082 | _a398 | ||
| 100 |
_aडॉ हरिसिंह पाल _949704 |
||
| 245 | _aलोक काव्य के क्षितिज | ||
| 260 |
_bअनंग प्रकाशन _c2005 _aदिल्ली |
||
| 350 | _a360 | ||
| 650 |
_aFolklore _949705 |
||
| 942 |
_cHIN _k398 _2ddc |
||
| 999 |
_c10606 _d10606 |
||